000 00542cam a2200205 a 4500
001 4803125
005 20180307085958.0
008 881108s1989 mnua 001 0 eng
010 _a 88033762
020 _a031448132X
040 _aDLC
_cDLC
_dDLC
041 _aeng
080 _a005 nap
082 0 0 _a005 nap
_219
100 1 _a36
101 _ashk
245 1 0 _aIntroduction to computer science :
906 _a7
_bcbc
_corignew
_d1
_eocip
_f19
_gy-gencatlg
942 _2ddc
_cBK
999 _c44329
_d44329